Prieskum kultúry bezpečnosti a jej význam v priemyselných podnikoch

Kľúčovou podmienkou úspešnosti každej organizácie, podnikateľského, či nepodnikateľského charakteru je uvedomiť si hodnotu a význam človeka v pracovnom procese. Dotazníkové prieskumy sú nástrojmi slúžiacimi pri zbere údajov od väčšieho počtu respondentov, sú využívané v oblastiach od spoločenských v...

ver descrição completa

Na minha lista:
Detalhes bibliográficos
Autor principal: Mandáková, Martina
Outros Autores: Hrablik Chovanová, Henrieta
Formato: Capítulo de Livro
Idioma:eslovaco
Assuntos:
Tags: Adicionar Tag
Sem tags, seja o primeiro a adicionar uma tag!

MARC

LEADER 00000naa a2200000 4500
001 0313512
005 20251208120936.6
041 0 |a slo 
044 |a SK 
245 1 0 |a Prieskum kultúry bezpečnosti a jej význam v priemyselných podnikoch  |c Martina Mandáková, Henrieta Hrablik Chovanová 
520 |a Kľúčovou podmienkou úspešnosti každej organizácie, podnikateľského, či nepodnikateľského charakteru je uvedomiť si hodnotu a význam človeka v pracovnom procese. Dotazníkové prieskumy sú nástrojmi slúžiacimi pri zbere údajov od väčšieho počtu respondentov, sú využívané v oblastiach od spoločenských vied až po prieskum trhu, spokojnosť zamestnancov, ich postoje či spätnú väzbu pre organizáciu. Článok sa venuje dotazníkovému prieskumu kultúry bezpečnosti v konkrétnom mestskom podniku na západnom Slovensku (environmentálny priemysel, odpadové hospodárstvo) a využitím štatistických metód pri vyhodnocovaní údajov dotazníka. Cieľom je poukázať na dôležitosť vypracovania a dodržiavania kultúry bezpečnosti pre priemyselné podniky a načrtnúť možné ďalšie oblasti výskumu pre kultúru bezpečnosti. 
610 2 0 |a riadenie podnikové 
610 2 0 |a rozhodovanie podnikové 
610 2 0 |a podnik priemyselný 
610 2 0 |a manažment bezpečnostný 
610 2 0 |a metódy štatistické 
610 2 0 |a prieskum 
610 2 0 |a dotazníky 
610 2 0 |a analýza dát 
610 2 0 |a Slovensko 
100 1 |a Mandáková, Martina 
700 1 |a Hrablik Chovanová, Henrieta